000 00894nam a2200253Ia 4500
003 OSt
005 20220923224744.0
006 a|||||r|||| 00| 0
007 ta
008 220922b |||||||| |||| 00| 0 hin d
024 _a249,732
037 _cTextual
040 _aARTS
_cARTS
_bhin
041 _2hin
_ahin
082 _aO152,1:gN5, N1
100 _aप्रचंडिया, आदित्य
245 0 _aआधुनिक हिन्दी कविता
_b परम्परा और परिवेश
246 _aĀdhunik hindī kavitā: paramparā aur parivesha
260 _aअलीगढ़
_b तारामण्डल
_c1991
300 _a207पृ.
_ccm.
650 _aहिन्दी साहित्य
_9156264
942 _hO152,1:gN5, N1
_cTEXL
_2CC
999 _c373458
_d373458